=LDR 00000nam 2200000 4500 =001 INLIS000000000034911 =005 20130612140813 =008 ***********************************ind** =035 ##$$0010-061300000034911 =041 ##$$a ind =082 ##$$a 813 =090 ##$$a 813, Gha t =100 ##$$a Ghazali, Yusni A =245 ##$$a Terbakar kumandang azan, Yusni A Ghazali =260 ##$$a 2008 $b Jakarta =300 ##$$a 234 hlm. ; 20 cm =650 ##$$a Fiksi Indonesia - Dewasa =850 ##$$a NBPNMAT =990 ##$$a 23812381 =990 ##$$a 1202003750